| 000 | 00988nam a2200229 i 4500 | ||
|---|---|---|---|
| 001 | 108372 | ||
| 003 | ES-MaACL | ||
| 005 | 20250407063108.0 | ||
| 007 | t| | ||
| 008 | 061121s1933 sp r ||||1| spa d | ||
| 100 | 1 |
_aMontero Díaz, Santiago, _d1911-1985 _982517 |
|
| 245 | 1 | 0 |
_aAportaciones geográficas del gobernador de Filipinas Guido Lavezares / _cpor Santiago Montero Díaz. |
| 260 |
_aMadrid : _b[s.n.], _c1933 ( _fImp. del Patronato de Huérfanos de Intendencia e Intervención Militares) |
||
| 300 |
_a27 p., 2 mapas pleg. ; _c24 cm. |
||
| 490 | 1 |
_aPublicaciones de la Sociedad Geográfica Nacional. Serie B ; _v17 |
|
| 651 | 4 |
_aFilipinas- _xGeografía. _9137152 |
|
| 710 | 2 |
_aPatronato de Huérfanos de Intendencia e Intervención Militares. _96172 |
|
| 710 | 2 |
_aSociedad Geográfica Nacional (España) _96777 |
|
| 830 | 1 |
_aPublicaciones de la Sociedad Geográfica Nacional. Serie B ; _v17 _9187094 |
|
| 852 |
_aES-MaACL _j1759-F-18 |
||
| 999 |
_c108372 _d108372 |
||